| 000 | 00579nam a22002057a 4500 | ||
|---|---|---|---|
| 001 | BT-PhCST | ||
| 003 | OSt | ||
| 005 | 20190204170837.0 | ||
| 008 | 141022b xxu||||| |||| 00| 0 eng d | ||
| 020 | _a9788126508357 | ||
| 040 |
_aBT-PhCST _cBT-PhCST _dBT-PhCST |
||
| 050 | _a005.10684 | ||
| 082 |
_222 _a005.10684 |
||
| 100 |
_dEdited by Richard H. Thayer. _aEdited by Richard H. Thayer. |
||
| 245 | _aSoftware engineering project management / | ||
| 250 | _a2nd | ||
| 260 |
_aNew Delhi, _bWiley India, _cc2012. |
||
| 300 |
_axvii, 531 p. ; _bill. ; _c23 cm. |
||
| 942 |
_2ddc _cIT _04 |
||
| 999 |
_c5152 _d5152 |
||